000 00508cam a22001932 4500
001 0000006300
005 20170406121407.0
008 160630s xx 000 0 eng d
020 _c$7.00
040 _aYour Holding Symbol
_cYour Holding Symbol
245 1 4 _aThe code of canon law.
250 _a ed.
260 _aIndia :
_bBangalore,
_c1993.
300 _a508 p. ;
_c cm.
504 _aindex.
650 0 _acanon law.
908 _a160630
999 _c6045
_d6045